| 000 | 01081cam a2200289 a 4500 | ||
|---|---|---|---|
| 001 | 3523564 | ||
| 003 | OSt | ||
| 005 | 20150408114102.0 | ||
| 008 | 960212s1996 maua 001 0 eng | ||
| 010 | _a 96010216 | ||
| 020 | _a0875846513 (alk. paper) | ||
| 040 |
_aDLC _cDLC _dDLC |
||
| 050 | 0 | 0 |
_aHD56 _b.K35 1996 |
| 082 | 0 | 0 |
_a658.4012 _220 |
| 100 | 1 |
_aKaplan, Robert S. _917847 |
|
| 245 | 1 | 4 |
_aThe balanced scorecard : _btranslating strategy into action / _cRobert S. Kaplan, David P. Norton. |
| 260 |
_aBoston, Mass. : _bHarvard Business School Press, _cc1996. |
||
| 300 |
_axi, 322 p. : _bill. ; _c24 cm. |
||
| 500 | _aIncludes index. | ||
| 650 | 0 |
_aIndustrial productivity _xMeasurement. _917848 |
|
| 650 | 0 | _aStrategic planning. | |
| 650 | 0 |
_aOrganizational effectiveness _xEvaluation. _917849 |
|
| 700 | 1 |
_aNorton, David P., _d1941- _917850 |
|
| 856 | 4 |
_3Table of Contents _uhttp://lcweb.loc.gov/catdir/toc/96010216.html |
|
| 942 |
_2ddc _cBOOK |
||
| 999 |
_c26230 _d260730 |
||